| 000 | 00724nam a22001937a 4500 | ||
|---|---|---|---|
| 003 | NUST - PNEC | ||
| 005 | 20170116181034.0 | ||
| 008 | 150919b xxu||||| |||| 00| 0 eng d | ||
| 020 | _a1557520216 | ||
| 020 | _a1557520364 | ||
| 020 | _a1557520224 | ||
| 040 | _cLIBRARY | ||
| 082 | _a621.380414 O.S.A | ||
| 100 |
_911244 _aInternational Conference on Optical Fiber Sensors |
||
| 245 |
_aOptical fiber sensors : 1988 technical digest series, volume 2 : summaries of papers presented at the Optical Fiber Sensors Topical Meeting, January 27-29, 1988, New Orleans, Louisiana. _cInternational Conference on Optical Fiber Sensors |
||
| 260 | _cc.1988 | ||
| 650 |
_911247 _aOptical communications _xMS COM |
||
| 942 |
_2ddc _cBK |
||
| 999 |
_c67837 _d67837 |
||